| 000 | 00652nam a22001937a 4500 | ||
|---|---|---|---|
| 005 | 20171012104952.0 | ||
| 010 | _aENG-120978 | ||
| 020 | _c250.00 | ||
| 035 | _aEN-104510 | ||
| 037 | _bDBAD/PUB | ||
| 082 | _a320.934 | ||
| 100 | _aShashirekha, P. | ||
| 245 |
_aImportant technical words: _bin the work on ancient indian polity and their significance / _cP. Shashirekha |
||
| 260 |
_aHyderabad _bSamantha Graphics _c2010 |
||
| 270 |
_aFlat No. 106, Indra Estates, Street No. 18, Ramnagar _bHyderabad _e110002 |
||
| 300 |
_avii,188p. _c21cm(pbk) |
||
| 500 | _aIncludes bibliographical references | ||
| 942 |
_2ddc _cEN _h320.934 _mSHA |
||
| 999 |
_c146500 _d146500 |
||